America East College Basketball Teams by Stadium Quiz Stats

 Plays Quiz not verified by Sporcle

Support Sporcle.
Go Orange.
Score 0/9 Timer 05:00
0 Plays Today
% Correct
Vermont
89.7%
Hartford
89.7%
New Hampshire
69%
Maine
65.5%
Stony Brook
63.8%
UMass Lowell
62.1%
Albany
56.9%
University of Maryland Baltimore County
51.7%
Binghamton University
48.3%

You're not logged in!

Compare scores with friends on all Sporcle quizzes.
OR
Log In

From the Vault

Element Typing Challenge

by 12bball

We hear the radioactive ones help you type faster.
Remove Ads.
Support Sporcle.
Get the best of Sporcle when you Go Orange. This ad-free experience offers more features, more stats, and more fun while also helping to support Sporcle. Thank you for becoming a member.

Show Comments

Extras

Top Quizzes Today


Score Distribution

Your Account Isn't Verified!

In order to create a playlist on Sporcle, you need to verify the email address you used during registration. Go to your Sporcle Settings to finish the process.

Report this User

Report this user for behavior that violates our Community Guidelines.

Details: